MEDIA CULTURE & SOCIETY, VOL.13-N.3 (LUGLIO 1991) (Record n. 183233)

Dettagli MARC
000 -LEADER
fixed length control field 00923nas a2200253Ia 4500
001 - CONTROL NUMBER
control field R134/97815
003 - CONTROL NUMBER IDENTIFIER
control field IT-RoPAU
008 - FIXED-LENGTH DATA ELEMENTS--GENERAL INFORMATION
fixed length control field 151124c99999999xx |||||||||||| ||und||
040 ## - CATALOGING SOURCE
Original cataloging agency IT-RoPAU
040 ## - CATALOGING SOURCE
Transcribing agency IT-RoPAU
041 ## - LANGUAGE CODE
Language code of text/sound track or separate title INGLESE
100 ## - MAIN ENTRY--PERSONAL NAME
Personal name Gross Peter
Miscellaneous information Codice Aut. SPICS: 20017
210 ## - ABBREVIATED TITLE
Abbreviated title MEDIA CULTURE & SOCIETY
222 ## - KEY TITLE
Key title Media Culture & Society
245 ## - TITLE STATEMENT
Title MEDIA CULTURE & SOCIETY, VOL.13-N.3 (LUGLIO 1991)
Remainder of title Romania'S Poor Orphans: Civil And Information Societies
250 ## - EDITION STATEMENT
Edition statement 1a ed.
260 ## - PUBLICATION, DISTRIBUTION, ETC. (IMPRINT)
Place of publication, distribution, etc. LONDON
Name of publisher, distributor, etc. SAGE PUBLICATIONS LTD
Date of publication, distribution, etc. 1991
300 ## - PHYSICAL DESCRIPTION
Extent 7 p. [407-413]
362 ## - DATES OF PUBLICATION AND/OR SEQUENTIAL DESIGNATION
Dates of publication and/or sequential designation VOL.13, N.03 (LUGLIO 1991)
501 ## - WITH NOTE
-- Paulus - SPICS - Società San Paolo EM (non-commercial uses only)
-- Copyright2015
500 ## - GENERAL NOTE
General note Poveri Orfani della Romania: Società Civili e D'Informazione. Una Società di Comunicazione Libera.
650 ## - SUBJECT ADDED ENTRY--TOPICAL TERM
Topical term or geographic name as entry element COMUNICAZIONE
Form subdivision PUBBLICAZIONE PERIODICA
942 ## - ADDED ENTRY ELEMENTS (KOHA)
Koha item type RIVISTA
Dati di copia
Withdrawn status Lost status Damaged status Not for loan Home library Current library Date acquired Total Checkouts Full call number Date last seen Price effective from Koha item type Public note
    Buone Condizioni Not For Loan SPICS-MEDIATECA SPICS-MEDIATECA 25/11/2015   R134/97815 25/11/2015 25/11/2015 RIVISTA Progr. Ins: 57448 / Copia rara: NO / date import: 25.11.2015 / By Epidotti, Trombetti, Vaglietti
CREDITS: SOCIETA' SAN PAOLO Via A.Severo, 58 - ROMA (RM) & PERIODICI SAN PAOLO SRL Via Giotto, 36 MILANO & CISF Via Giotto, 36 MILANO & EDIZIONI SAN PAOLO SRL,  Piazza Soncino, 5 CINISELLO BALSAMO (MI) -- ITALY